00217nam a2200073Ia 4500008004100000082000800041100001900049245007500068240331s9999 xx 000 0 und d bJAY aJayawardena, K 0aDr. Mary Ratnam :ba Canadian pioneer for women's rights in Sri Lanka